000 01988nam a2200433 a 4500
999 _c4591
_d4591
001 010294554
003 UkOxU
005 20220325065352.0
008 900719s1984 wb 100 0 eng d
020 _a0387120564
020 _a3540120564
035 _aCURL 030000206879(Gla)
040 _cALUPE UNIVERSITY
041 0 _aengfre
050 _aQR185.8
_bL.9L48 1984
092 _aD0400635955
245 0 0 _aLeucocyte typing :
_bhuman leucocyte differentiation antigens detected by monoclonal antibodies : specification - classification - nomenclature = Typage leucocytaire : antigènes de différenciation leucocytaire humains .. /
_cedited by A. Bernard ... [et al.]
260 _aBerlin :
_bSpringer-Verlag,
_c1984
300 _axxiv, 814 p. :
_bill. ;
_c25 cm.
500 _a"Report on the First International References Workshop sponsored by INSERM, WHO and IUIS"--T.p. verso
500 _aWorkshop also described as the First International Workshop on Human Leucocyte Differentiation Antigens, and it was held in Paris, November 7-11, 1982
500 _aChart on folded leaf in pocket
546 _aIncludes some text translated into French: Rapports des études communes par les chercheurs des laboratoires participants ...
650 0 _aAntigens
_xCongresses
650 0 _aImmunoglobulins
_xCongresses
650 0 _aImmunospecificity
_xCongresses
650 0 _aLeucocytes
_xCongresses
650 0 _aHistocompatibility testing
_xCongresses
650 0 _aTissue-specific antigens
_xAnalysis
_xCongresses
650 0 _aMonoclonal antibodies
_xCongresses
700 1 _aBernard, Alain.
710 2 _aInstitut national de la santé et de la recherche médicale (France)
710 2 _aWorld Health Organization.
710 2 _aIUIS.
711 2 _aInternational Workshop on Human Leucocyte Differentiation Antigens
_n(1st :
_d1982 :
_cParis, France)
740 0 _aLeukocyte typing
942 _2lcc
_cBK
_nJO